000 00351nam a2200145Ia 4500
008 100122s9999 xx 000 0 und d
082 _b25479
_a928.43
100 _aMULLER MAX
245 _aMY AUTOBIOGRAPHY
260 _bHIND POCKET BOOKS LTD
_c1976
300 _a176
630 _aMY AUTOBIOGRAPHY
730 _aMY AUTOBIOGRAPHY
942 _cBOOK
999 _c367914
_d367911